000
00240nam a22001097a 4500
082
_a
536.2 EDS'H
100
_a
EDSER, E
_9
75005
245
_a
HEAT FOR ADVANCED STUDENTS
260
_a
LONDON
_b
MACMILLAN
_c
1962
300
_a
487P
942
_c
BK
999
_c
580503
_d
580503